000
00301nam a22001337a 4500
008
181029b xxu||||| |||| 00| 0 eng d
020
_a
9780393912500
041
_a
eng
080
_a
821
100
_a
25
101
_a
GJU
245
_a
The Norton Anthology LIterature
_c
Stepen.A
942
_2
udc
_c
BK
999
_c
50981
_d
50981